Investigación sobre la naturaleza y causas de la riqueza de las naciones
Saved in:
| Hovedforfatter: | |
|---|---|
| Format: | Bog |
| Sprog: | spansk |
| Udgivet: |
Ciudad de México
Fondo de Cultura Económica
1958
|
| Udgivelse: | 2a. ed |
| Fag: | |
| Tags: |
Tilføj Tag
Ingen Tags, Vær først til at tagge denne postø!
|
MARC
| LEADER | 00000cam a2200000 a 4500 | ||
|---|---|---|---|
| 001 | UCL5415 | ||
| 003 | CL-VaPUC | ||
| 008 | 040312e19580000MX |||||||||||||||||spa|d | ||
| 020 | |a 968162102 | ||
| 082 | 0 | 4 | |a 330.01 |b SMI |2 21 |
| 100 | |a Smith, Adam |e autor |9 345876 | ||
| 245 | 1 | 0 | |a Investigación sobre la naturaleza y causas de la riqueza de las naciones |
| 250 | |a 2a. ed | ||
| 300 | |a 917 p | ||
| 942 | |c BK | ||
| 945 | |d 20040312 00:00:00 |a vberengu | ||
| 260 | |a Ciudad de México |b Fondo de Cultura Económica |c 1958 | ||
| 650 | 0 | |a Ciencias económicas |9 377441 | |
| 650 | 7 | |a PODER ECONOMICO |2 CL-VaPUC |9 338221 | |
| 650 | 7 | |a TEORIAS FILOSOFICAS |2 CL-VaPUC |9 468252 | |
| 583 | |a last modification |c 20160704 12:53:02 |k Rodrigo Vera | ||
| 999 | |c 308021 |d 308019 | ||
| 952 | |0 0 |1 0 |4 0 |6 330_010000000000000_SMI_1958 |7 0 |8 A |9 374228 |a BIBTEO |b BIBTEO |d 2019-11-21 |i 2105586 |l 1 |o 330.01 SMI 1958 |p 2105586 |r 2025-01-17 |s 2024-03-27 |w 2019-11-21 |y BK |k ICR | ||
| 952 | |0 0 |1 0 |3 erd |4 0 |6 330_010000000000000_SMI_1958 |7 0 |8 A |9 374229 |a FDOHBE |b FDOHBE |e Huesbe Llanos, Marco Antonio, 1934- |i 5330157 |o 330.01 SMI 1958 |p 5330157 |r 2024-01-30 |w 2019-11-21 |y BK |z Catalogado en:20160708 |k HBE | ||